000 01009 a2200217 4500
003 Nust
005 20221231151921.0
010 _a 2005023393
020 _a1594546142
035 _a(OCoLC)ocm61278532
040 _cNust
082 0 0 _a629.2295,TIW
100 1 _aTiwari, G. N.
_93441
245 1 0 _aSolar thermal engineering systems /
_cG.N. Tiwari.
260 _aNew Delhi
_bNarosa publishing house
_c1997.
300 _a396p
_bill. ;
_c22 cm.
505 _aSun and its Energy (Page-1), Basic Heat Transfer : Concepts and Definitions (Page -31), Flat – Plate Collectors (Page-82), Solar Air Heaters (Page-126), Solar Concentrator (Page-156), Solar Distillation (Page-185), Passive Solar House (Page-211), Other Applications (Page-238), Energy Storage (Page-289), Photovoltaic Systems (Page-309), Economic Analysis (Page-326).
650 0 _aSolar energy
_xTechnological innovations.
_9106567
856 4 1 _3Table of contents
_uhttp://www.loc.gov/catdir/toc/ecip0517/2005023393.html
942 _2ddc
_cBK
999 _c183734
_d183734